Dermatology A-Z - Statistics

General Stats
  • This quiz has been taken 20 times
  • The average score is 13 of 26
Answer Stats
Letter Hint Answer % Correct
A Causes whiteheads, blackheads, and pimples Acne vulgaris
100%
E Outermost layer of the skin Epidermis
81%
B Most common skin cancer Basal cell carcinoma
75%
F Inflammation of hair follicles Folliculitis
75%
M Potentially deadly skin cancer Melanoma
75%
P Causes thick, scaly plaques Psoriasis
69%
R Causes facial flushing Rosacea
69%
Y Common term for candida Yeast infection
63%
K Thickened skin lesions (ex: actinic ___) Keratosis
56%
Q Cotton swab, can be used in dermatologic exams Q-tip
56%
V Autoimmune condition causing depigmentation Vitiligo
56%
Z Ingredient in sunscreen or diaper rash cream Zinc oxide
56%
N Medical term for a mole Nevus
50%
D Tool used to examine skin Dermatoscope
38%
I Oral medication used for severe acne Isotretinoin
38%
L Causes bullseye rash Lyme disease
38%
U Medical term for hives Urticaria
38%
X Medical term for dry skin Xerosis
38%
S Can cause dandruff Seborrheic dermatitis
31%
C Inflammatory reaction to irritants/allergens Contact dermatitis
25%
H Chronic, painful nodules in armpits or groin Hidradenitis suppurativa
25%
J Class of drugs used to treat alopecia JAK inhibitor
25%
O Fungal infection of the nails Onychomycosis
25%
W UV light tool used to detect fluorescence in skin Woods lamp
25%
G Ring-shaped plaques, often on hands/feet Granuloma annulare
19%
T Common treatment for inflammation Topical steroid
19%
No matching quizzes found
Score Distribution
Percent of People with Each Score
Percentile by Number Answered
Your Score History
You have not taken this quiz